LEADER 04967nam 2200673Ia 450 001 9910462660203321 005 20200520144314.0 010 $a1-283-85456-2 010 $a90-04-22709-1 024 7 $a10.1163/9789004227095 035 $a(CKB)2670000000309440 035 $a(EBL)1081560 035 $a(OCoLC)823386262 035 $a(SSID)ssj0000784718 035 $a(PQKBManifestationID)11503902 035 $a(PQKBTitleCode)TC0000784718 035 $a(PQKBWorkID)10764477 035 $a(PQKB)10347921 035 $a(MiAaPQ)EBC1081560 035 $a(nllekb)BRILL9789004227095 035 $a(PPN)174403194 035 $a(Au-PeEL)EBL1081560 035 $a(CaPaEBR)ebr10631802 035 $a(CaONFJC)MIL416706 035 $a(EXLCZ)992670000000309440 100 $a20120705d2012 uy 0 101 0 $aeng 135 $aur|n|---||||| 181 $ctxt 182 $cc 183 $acr 200 00$aBeyond territoriality$b[electronic resource] $etransnational legal authority in an age of globalization /$fedited by Gunther Handl & Joachim Zekoll 210 $aLeiden ;$aBoston $cMartinus Nijhofff Publishers$d2012 215 $a1 online resource (583 p.) 225 0 $aQueen Mary studies in international law 300 $aDescription based upon print version of record. 311 $a90-04-18647-6 320 $aIncludes bibliographical references and index. 327 $tPreliminary Material /$rGünther Handl , Joachim Zekoll and Peer Zumbansen -- $tExtra-territoriality and Transnational Legal Authority /$rGünther Handl -- $tCommunity and Jurisdictional Authority /$rAdeno Addis -- $tExtra-territorial Legal Problems in a World without Nations: What the Medieval Jurists could Teach us /$rJames Gordley -- $tDefining the Space of Transnational Law: Legal Theory, Global Governance and Legal Pluralism /$rPeer Zumbansen -- $tGovernance without Government: An Overview /$rLarry Catá Backer -- $tExtra-territoriality of Pollution Control Laws from a European Perspective /$rEckhard Rehbinder -- $tThe Curious Legal Landscape of the Extra-territoriality of US Environmental Laws /$rJonathan Remy Nash -- $tTerritoriality and Extra-territoriality in Intellectual Property Law /$rAlexander Peukert -- $tAccess of Transnational Litigation to American Courts: Re-Thinking the Adequacy of Alternative Forum and Interests in Global Efficiency /$rEdward F. Sherman -- $tConstitutions in Transfer ? Territoriality and Extra-territoriality /$rGünter Frankenberg -- $tThe Territoriality and Migration of Fundamental Rights /$rStefan Kadelbach -- $tMaritime Law, the Epitome of Transnational Legal Authority /$rMartin Davies -- $tJurisdiction in Cyberspace /$rJoachim Zekoll -- $tTransnational Capital Market Regulation and the Role of the Stock Exchange /$rOnnig H. Dombalagian -- $tTransnational Legal Authority in Competition Law and Governance: Territoriality, Commonality and Networks /$rImelda Maher -- $tModern International Investment Law as an Example of Extra-territorial Law-making and Law-enforcement /$rRainer Hofmann -- $tExtra-Territoriality in the Context of WTO Law /$rFriedl Weiss -- $tProliferation of Weapons of Mass Destruction a Problem of Extra-Territoriality /$rMichael Bothe -- $tContructing Transnational Climate Regimes /$rEric Dannenmaier -- $tThe Regulatory Landscape of Global Governance and Transnational Legal Authority /$rPeer Zumbansen -- $tIndex /$rGünther Handl , Joachim Zekoll and Peer Zumbansen. 330 $aTaking ?extraterritoriality,? the traditional touchstone for the state-centered allocation of transnational legal authority, as its conceptual starting point the book traces the evolution of transnational legal authority in the course of globalization. It examines various representative transnational legal scenarios, covering issues of, inter alia , the environment, foreign trade and investment, corporate governance, criminal justice, cyberspace, and arms control. The end result is a complex, yet nuanced picture of today?s global governance architecture in which transnational legal authority may be exercised unilaterally or multilaterally; be minimally coordinated internationally or formally institutionalized; reflect a traditional state-centered, a supra-national or ?privatized\' approach; and be rooted in a single or a multiple-layered normative system. 410 0$aQueen Mary Studies in International Law$v11. 606 $aExterritoriality 606 $aGlobalization 606 $aJudicial assistance 608 $aElectronic books. 615 0$aExterritoriality. 615 0$aGlobalization. 615 0$aJudicial assistance. 676 $a341.1 676 $a341/.1 701 $aHandl$b Gu?nther$0424861 701 $aZekoll$b Joachim$0281227 801 0$bMiAaPQ 801 1$bMiAaPQ 801 2$bMiAaPQ 906 $aBOOK 912 $a9910462660203321 996 $aBeyond territoriality$92101401 997 $aUNINA LEADER 01762nam 2200421Ia 450 001 9910701742303321 005 20120611120053.0 035 $a(CKB)5470000002420676 035 $a(OCoLC)795128155 035 $a(EXLCZ)995470000002420676 100 $a20120611d2012 ua 0 101 0 $aeng 135 $aurcn||||||||| 181 $ctxt$2rdacontent 182 $cc$2rdamedia 183 $acr$2rdacarrier 200 00$aDesign and evaluation of a net zero low-income residential housing development in Lafayette, Colorado$b[electronic resource] /$fJesse Dean ... [and others] 210 1$aOak Ridge, TN :$cNational Renewable Energy Laboratory,$d[2012?] 215 $a1 online resource (ix, 68 pages) $ccolor illustrations 225 1 $aTechnical report NREL/TP ;$v7A20-53756 300 $aTitle from title screen (viewed on June 11, 2012). 300 $a"April 2012." 300 $a"NREL is a national laboratory of the U.S. Department of Energy, Office of Energy Efficiency and Renewable Energy, Operated by the Alliance for Sustainable Energy, LLC." 320 $aIncludes bibliographical references. 606 $aLow-income housing$xEnergy conservation$zColorado$zLafayette 606 $aArchitecture and energy conservation 606 $aSustainable buildings 615 0$aLow-income housing$xEnergy conservation 615 0$aArchitecture and energy conservation. 615 0$aSustainable buildings. 701 $aDean$b Jesse$01397731 712 02$aNational Renewable Energy Laboratory (U.S.) 801 0$bGPO 801 1$bGPO 906 $aBOOK 912 $a9910701742303321 996 $aDesign and evaluation of a net zero low-income residential housing development in Lafayette, Colorado$93498049 997 $aUNINA LEADER 04053nam 22007935 450 001 9910620195703321 005 20251118142448.0 010 $a3-031-13213-0 024 7 $a10.1007/978-3-031-13213-1 035 $a(MiAaPQ)EBC7120668 035 $a(Au-PeEL)EBL7120668 035 $a(CKB)25188927200041 035 $a(PPN)265856434 035 $a(DE-He213)978-3-031-13213-1 035 $a(EXLCZ)9925188927200041 100 $a20221021d2022 u| 0 101 0 $aeng 135 $aurcnu|||||||| 181 $ctxt$2rdacontent 182 $cc$2rdamedia 183 $acr$2rdacarrier 200 10$aTime Series Models /$fby Manfred Deistler, Wolfgang Scherrer 205 $a1st ed. 2022. 210 1$aCham :$cSpringer International Publishing :$cImprint: Springer,$d2022. 215 $a1 online resource (213 pages) 225 1 $aLecture Notes in Statistics,$x2197-7186 ;$v224 300 $aIncludes index. 311 08$aPrint version: Deistler, Manfred Time Series Models Cham : Springer International Publishing AG,c2022 9783031132124 327 $aPreface -- 1 Time Series and Stationary Processes -- 2 Prediction -- 3 Spectral Representation -- 4 Filter -- 5 Autoregressive Processes -- 6 ARMA Systems and ARMA Processes -- 7 State-Space Systems -- 8 Models with Exogenous Variables -- 9 Granger Causality -- 10 Dynamic Factor Models -- 10 ARCH and GARCH Models -- Index. 330 $aThis textbook provides a self-contained presentation of the theory and models of time series analysis. Putting an emphasis on weakly stationary processes and linear dynamic models, it describes the basic concepts, ideas, methods and results in a mathematically well-founded form and includes numerous examples and exercises. The first part presents the theory of weakly stationary processes in time and frequency domain, including prediction and filtering. The second part deals with multivariate AR, ARMA and state space models, which are the most important model classes for stationary processes, and addresses the structure of AR, ARMA and state space systems, Yule-Walker equations, factorization of rational spectral densities and Kalman filtering. Finally, there is a discussion of Granger causality, linear dynamic factor models and (G)ARCH models. The book provides a solid basis for advanced mathematics students and researchers in fields such as data-driven modeling, forecasting and filtering, which are important in statistics, control engineering, financial mathematics, econometrics and signal processing, among other subjects. 410 0$aLecture Notes in Statistics,$x2197-7186 ;$v224 606 $aTime-series analysis 606 $aStochastic processes 606 $aEconometrics 606 $aStatistics 606 $aStatistics 606 $aSignal processing 606 $aTime Series Analysis 606 $aStochastic Processes 606 $aEconometrics 606 $aStatistical Theory and Methods 606 $aStatistics in Engineering, Physics, Computer Science, Chemistry and Earth Sciences 606 $aSignal, Speech and Image Processing 606 $aAnàlisi de sèries temporals$2thub 608 $aLlibres electrònics$2thub 615 0$aTime-series analysis. 615 0$aStochastic processes. 615 0$aEconometrics. 615 0$aStatistics. 615 0$aStatistics. 615 0$aSignal processing. 615 14$aTime Series Analysis. 615 24$aStochastic Processes. 615 24$aEconometrics. 615 24$aStatistical Theory and Methods. 615 24$aStatistics in Engineering, Physics, Computer Science, Chemistry and Earth Sciences. 615 24$aSignal, Speech and Image Processing. 615 7$aAnàlisi de sèries temporals 676 $a519.55 676 $a519.55 700 $aDeistler$b M$g(Manfred),$021011 702 $aScherrer$b Wolfgang 801 0$bMiAaPQ 801 1$bMiAaPQ 801 2$bMiAaPQ 906 $aBOOK 912 $a9910620195703321 996 $aTime Series Models$92960587 997 $aUNINA